=LDR 00000nam 2200000 4500 =001 INLIS000000000028344 =005 20200416070340 =035 ##$$a 0010-061300000028344 =008 200416###########################0###### =041 ##$$a Ind =082 ##$$a 2X1 =090 ##$$a 2X1, Bai a =100 ##$$a Baiquni, Achmad =245 1#$$a Al Qur'an ilmu pengetahuan dan teknologi, Achmad Baiquni =260 ##$$a 1995 :$b Jakarta =300 ##$$a 168 hlm, ilus, 24 cm =650 #4$$a Al Qur'an =850 ##$$a NBPNMAT =990 ##$$a 0001/BPAP-NTB/20142014